Game of Thrones Actors - Statistics

General Stats
  • This quiz has been taken 1,073 times
    1,071 since last reset
  • The average score is 10 of 16
Answer Stats
Hint Answer % Correct
Ned Stark Sean Bean
95%
Tyrion Lannister Peter Dinklage
84%
Arya Stark Maisie Williams
82%
Sansa Stark Sophie Turner
82%
Daenerys Targaryen Emilia Clarke
81%
Jon Snow Kit Harington
77%
Cersei Lannister Lena Headey
70%
Theon Greyjoy Alfie Allen
69%
Robb Stark Richard Madden
56%
Joffrey Baratheon Jack Gleeson
53%
Catelyn Tully Michelle Fairley
47%
Jaime Lannister Nikolaj Coster-Waldau
46%
Petyr "Littlefinger" Baelish Aidan Gillen
35%
Varys Conleth Hill
31%
Samwell Tarly John Bradley
30%
Gendry Joe Dempsie
24%
No matching quizzes found
Score Distribution
Percent of People with Each Score
Percentile by Number Answered
Your Score History
You have not taken this quiz since the last reset